| 000 | 00000nam##2200000za#4500 |
| 001 | 9.577712 |
| 003 | CaOODSP |
| 005 | 20210624185737 |
| 007 | cr ||||||||||| |
| 008 | 150406|1981||||xxc|||||o f|0| 0 eng|d |
| 022 | |a1488-5379 |
| 040 | |aCaOODSP|beng |
| 043 | |an-cn--- |
| 086 | 1 |aFs97-6/1065E-PDF |
| 110 | 1 |aCanada. |bDepartment of Fisheries and Oceans. |
| 245 | 14|aThe herring (Clupea harengus harengus) gillnet fishery in the Southern Gulf of St. Lawrence, 1970-1979 / |h[electronic resource]|cby R.N.O'Boyle and L.Cleary. |
| 260 | |aDartmouth - Nova Scotia : |bFisheries and Oceans Canada |c1981. |
| 300 | |a96p.|breferences, tables |
| 490 | 1 |aCanadian technical report of fisheries and aquatic sciences|x1488-5379|vNo. 1065 |
| 500 | |aOn t.p.: Bedford Institute of Oceanography, Dartmouth, Nova Scotia. The catalogue number and ISSN for the print edition appear in the PDF version. |
| 546 | |a(Résumé en français) |
| 590 | |a13-25-Supp|b2013-10-28 |
| 720 | 1 |aCleary, L. |
| 720 | 1 |aO'Boyle, R. |
| 830 | #0|aCanadian technical report of fisheries and aquatic sciences,|x1488-5379|vNo. 1065|w(CaOODSP)9.504449 |
| 856 | 40|ahttp://publications.gc.ca|qPDF|s4776 KB|uhttps://publications.gc.ca/collections/collection_2013/mpo-dfo/Fs97-6-1065-eng.pdf|yNo. 1065 |